Sehenswürdigkeiten Amerikas - Statistiken

Allgemein
  • Dieses Quiz wurde 107 mal gespielt
  • Das Durchschnittsergebnis liegt bei 7 aus 13
Antwortstatistiken
Hint Antwort % Korrekt
Panama Panamakanal
86%
Kuba Altstadt von Havanna
84%
Brasilien Amazonas
77%
Mexiko Teotihuacán
67%
Chile Moai (Osterinseln)
47%
Bahamas Pig Beach
46%
Vereinigte Staaten Old Faithful
43%
Peru Nasca-Linien
42%
Venezuela Salto Angel
42%
Argentinien Aconcagua
38%
Costa Rica Monteverde-Nebelwald-Reservat
36%
Belize Great Blue Hole
32%
Kanada Capilano Suspension Bridge
30%
Keine übereinstimmenden Quizze gefunden
Verteilung der Resultate
Anzahl Personen mit jedem Resultat
Perzentil nach korrekt beantworteten Fragen
Ihre Resultats-Entwicklung
Sie haben dieses Quiz noch nicht gespielt